000 00558nam a2200181 i 4500
001 40648
003 ES-MaACL
005 20230906160259.0
007 t|
008 030306s1971 sp ||||1| spa d
100 1 _aCarrero, José María.
_935697
245 1 0 _aVirosis de los agrios /
_cpor José María Carrero.
250 _a1ª ed.
260 _aMadrid :
_b[Capacitación Agraria,
_c1971]
300 _aXVI, 293 p., 3 lám. ;
_c21 cm.
710 2 _aEspaña.
_bDirección General de Capacitación Agraria.
_93712
852 _aES-MaACL
_jC-46243
_bR.78409
999 _c40648
_d40648